Estructura social de la colonia: ensayo de historia comparada de América Latina

Guardat en:
Dades bibliogràfiques
Autor principal: Bagú, Sergio (Autor)
Format: Llibre
Idioma:espanyol
Publicat: Buenos Aires El Ateneo 1952
Matèries:
Etiquetes: Afegir etiqueta
Sense etiquetes, Sigues el primer a etiquetar aquest registre!

MARC

LEADER 00000nam a2200000 a 4500
001 UCO2706
003 CL-VaPUC
008 000608e19520000AG |||||||||||||||||spa|d
082 0 4 |a 980.013  |b BAG  |2 21 
100 |a Bagú, Sergio  |e author  |9 496206 
245 1 0 |a Estructura social de la colonia: ensayo de historia comparada de América Latina 
300 |a 283 p 
942 |c BK 
945 |d 20000608 00:00:00  |a rherrera 
260 |a Buenos Aires  |b El Ateneo  |c 1952 
650 0 |a Historia de América  |9 266076 
650 7 |a ESTRUCTURA SOCIAL  |2 CL-VaPUC  |9 446250 
650 0 |a Ensayos  |9 268724 
650 7 |a COLONIAS AMERICANAS  |2 CL-VaPUC  |9 441469 
650 0 |a Colonialismo  |9 316469 
651 0 |a América Latina   |9 255027 
583 |a last modification  |c 20000608 00:00:00  |k Rodrigo Vera 
999 |c 289205  |d 289203 
952 |0 0  |1 0  |4 0  |6 980_013000000000000_BAG_1952  |7 0  |8 A  |9 337431  |a BIBHIS  |b BIBHIS  |d 2019-11-20  |i 1286145  |l 1  |o 980.013 BAG 1952  |p 1286145  |r 2025-03-19  |s 2025-03-11  |w 2019-11-20  |y BK  |k HIS